00752 2200205 4500001002100000005001500021008004100036020001500077035001900092041000800111082001100119084001700130100002100147245004800168260003600216300001400252520023100266650002400497650002500521INLIS00000000000099420200508201300200508||||||||| | ||| |||| ||eng|| a0421927707 0010-0520000994 aeng0 a349.42 a349.42/GRE/S0 aDaniel Greenberg00aStroud's Judicial Dictionary of Words 07154 aLondonbSweet and Maxwellc2006 ax, 935p.; aCompared to one edition before, this dictionary is better in examining a number of old entries to confirm their accuracy and to re-organize them to facilitate logical and efficient searching in legislation and legal documents. 0a1. Law - Dictionary 0a2. Law - Terminology